000 00701nam a22002057a 4500
005 20140310183636.0
008 131128b xxu||||| |||| 00| 0 eng d
020 _a9789713012852
050 _aTX 905
_b.Am479 2007
100 _aAma, Sylvia Silvestre
245 _aReference dictionary for the hospitality industry /
_cSylvia Silvestre-Ama, Adela Jamorabo-Ruiz, Milanel N. Rivera, Virginia Serraon-Claudio.
260 _aManila, Philippines :
_bMiriam Webster,
_c2007.
300 _a500 p. :
_bill. ;
_c26 cm.
521 _aTOU
650 _aTourism
_vDictionaries
650 _aTravel
_vDictionaries
650 _aHospitality industry
_vDictionaries
942 _2lcc
_cBK
_kLOC
999 _c25721
_d25721